000 00794nab a2200241 u 4500
001 18952
003 HDC
007 cr bn ---aaaaa
008 210228c |r|noo 0 a d
040 _aHDC
245 0 _aKHAWATIR KEHALALAN MAKANAN SAAT DI JEPANG? INI TIPSNYA HILANGKAN WAS-WAS
260 _a[No place] :
_b[publisher not identified],
_c2016
336 _atext
_2rdacontent
337 _acomputer
_2rdamedia
338 _aonline resource
_2rdacarrier
650 _aHalal food
_950
650 _aTravel
_99082
710 _aTRIBUNNEWS.COM
856 _zRequest full-text at [email protected]
942 _2lcc
942 _cNEWS
942 _kNWSO 009651
999 _c16268
_d16268